<?xml version="1.0" encoding="UTF-8"?>
<record
    xmlns:xsi="http://www.w3.org/2001/XMLSchema-instance"
    xsi:schemaLocation="http://www.loc.gov/MARC21/slim http://www.loc.gov/standards/marcxml/schema/MARC21slim.xsd"
    xmlns="http://www.loc.gov/MARC21/slim">

  <leader>03904nam a22003017a 4500</leader>
  <controlfield tag="005">20260218131936.0</controlfield>
  <controlfield tag="008">170801b1986    ag ||||| |||| 00| 0 spa d</controlfield>
  <datafield tag="020" ind1=" " ind2=" ">
    <subfield code="a">9505081723 (v.1)</subfield>
  </datafield>
  <datafield tag="020" ind1=" " ind2=" ">
    <subfield code="a">950508224 (v.2)</subfield>
  </datafield>
  <datafield tag="020" ind1=" " ind2=" ">
    <subfield code="a">950508272 (v.3)</subfield>
  </datafield>
  <datafield tag="020" ind1=" " ind2=" ">
    <subfield code="a">9505083092 (v.4)</subfield>
  </datafield>
  <datafield tag="020" ind1=" " ind2=" ">
    <subfield code="a">950508353 (v.5)</subfield>
  </datafield>
  <datafield tag="020" ind1=" " ind2=" ">
    <subfield code="a">9505084080 (v.6)</subfield>
  </datafield>
  <datafield tag="020" ind1=" " ind2=" ">
    <subfield code="a">9505084560 (v.7)</subfield>
  </datafield>
  <datafield tag="020" ind1=" " ind2=" ">
    <subfield code="a">9505085249 (v.8)</subfield>
  </datafield>
  <datafield tag="020" ind1=" " ind2=" ">
    <subfield code="a">9505085753 (v.9)</subfield>
  </datafield>
  <datafield tag="050" ind1="0" ind2="4">
    <subfield code="a">KHA1570</subfield>
    <subfield code="b">D47 1986</subfield>
  </datafield>
  <datafield tag="245" ind1="0" ind2="0">
    <subfield code="a">Derechos intelectuales</subfield>
  </datafield>
  <datafield tag="250" ind1=" " ind2=" ">
    <subfield code="a">1a ed.</subfield>
  </datafield>
  <datafield tag="260" ind1=" " ind2=" ">
    <subfield code="a">Buenos Aires :</subfield>
    <subfield code="b">Astrea de Alfredo y Ricardo Depalma,</subfield>
    <subfield code="c">1986</subfield>
  </datafield>
  <datafield tag="300" ind1=" " ind2=" ">
    <subfield code="a">9 v. ;</subfield>
    <subfield code="c">23 cm.</subfield>
  </datafield>
  <datafield tag="490" ind1=" " ind2="0">
    <subfield code="a">Asociaci&#xF3;n Interamericana de la Propiedad Industrial</subfield>
  </datafield>
  <datafield tag="504" ind1=" " ind2=" ">
    <subfield code="a">Incluye ap&#xE9;ndice</subfield>
  </datafield>
  <datafield tag="505" ind1=" " ind2="0">
    <subfield code="t">V.1 Patentes de invenci&#xF3;n, Derecho de la inform&#xE1;tica, Nombre social y nombre comercial, Concesi&#xF3;n de licencia, Notas sobre sofware, Microchips y computadoras --</subfield>
    <subfield code="t">V.2 GATT y propiedad intelectual, Jurisprudencia sobre patentes de invenci&#xF3;n, Propiedad industrial en Latinoam&#xE9;rica, Contrataci&#xF3;n de programas de computaci&#xF3;n "a medida", Transferencia de tecnolog&#xED;a, Inter&#xE9;s leg&#xED;timo en la ley de marcas, Nueva ley de patentes espa&#xF1;ola --</subfield>
    <subfield code="t">V.3 Indemnizaci&#xF3;n por infracci&#xF3;n de marcas y nombres, Justificaci&#xF3;n de la propiedad intelectual, Patentes y medicamentos, &#xBF;Propiedad de las ideas?, Protecci&#xF3;n de los conocimientos t&#xE9;cnicos, Nulidades en el r&#xE9;gimen marcario, Registro de modelos y dise&#xF1;os industriales, Ley mexicana de invenciones y marcas --</subfield>
    <subfield code="t">V.4 GATT y derechos intelectuales, Patentes de invenci&#xF3;n: biotecnolog&#xED;a e informaci&#xF3;n tecnol&#xF3;gica, Pa&#xED;ses en desarrollo y protecci&#xF3;n de la propiedad intelectual, patentes farmac&#xE9;uticas, Competencia desleal, Fonogramas y videogramas, copias privadas, Denominaciones de origen, Indemnizaci&#xF3;n por infracci&#xF3;n a los derechos marcarios, Reforma de las leyes 111 y 11.723, ideas y proyectos --</subfield>
    <subfield code="t">V.5 El GATT y las nuevas tecnolog&#xED;as, Patentes farmac&#xE9;uticas, Patentamiento en la industria farmac&#xE9;utica, El uso demarcas, La informaci&#xF3;n ante el derecho, Protecci&#xF3;n jur&#xED;dica de los elementos inform&#xE1;ticos, Patentes de invenci&#xF3;n, Propuesta en la competencia desleal, Protecci&#xF3;n de inventos biotecnol&#xF3;gicos, Nuevos delitos fonogr&#xE1;ficos, Casu&#xED;sticajurisprudencial, Transferencia de tecnolog&#xED;a, Chile, Nueva ley, M&#xE9;xico, nueva ley --</subfield>
    <subfield code="t">V.6 Reforma de la legislaci&#xF3;n de patentes, Propiedad intelectual en el escenario econ&#xF3;mico, Patentes de invenci&#xF3;n: innovaci&#xF3;n y progreso, Derechos intelectuales: inconsistencias en su r&#xE9;gimen, Nueva ley mexicana de propiedad industrial, Tratado de libre comercio de Am&#xE9;rica del Norte (NAFTA) --</subfield>
    <subfield code="t">V.7 GATT - ADPIC e industria farmac&#xE9;utica, Nueva legislaci&#xF3;n sobre patentes de invenci&#xF3;n y modelos de utilidad, Propiedad intelectual y publicidad, Licencia de derechos industriales y transferencia de tecnolog&#xED;a, Imitaci&#xF3;n desleal en la industria farmac&#xE9;utica, Franchising y propiedad industrial, La propiedad intelectual en el Pacto Andino, Actual legislaci&#xF3;n peruana en materia de patentes --</subfield>
    <subfield code="t">V.8 Patentes de invenci&#xF3;n, protecci&#xF3;n a la informaci&#xF3;n confidencial, Legislaci&#xF3;n y jurisprudencia, Las patentes y la propiedad industrial en Brasil. Legislaci&#xF3;n y jurisprudencia, Pirater&#xED;a marcaria internacional y medida cautelar innovativa, Derecho de autor en la Argentina, Tratado de libre comercio M&#xE9;xico - Colombia - Venezuela --</subfield>
    <subfield code="t">V.9 Jurisprudencia Argentina por aplicaci&#xF3;n del ADPIC, Tratado de cooperaci&#xF3;n en materia de patentes (PCT), Marcas y nombres de dominio en internet, Propiedad industrial sobre plantas transg&#xE9;nicas, Licencias obligatorias, Tutela jur&#xED;dica de los resultados de las investigaciones cl&#xED;nicas, Indemnizaci&#xF3;n por violaci&#xF3;n del derecho de propiedad industrial --</subfield>
  </datafield>
  <datafield tag="650" ind1=" " ind2="7">
    <subfield code="2">lemb</subfield>
    <subfield code="a">Propiedad intelectual</subfield>
    <subfield code="z">Argentina</subfield>
  </datafield>
  <datafield tag="650" ind1=" " ind2="7">
    <subfield code="2">lemb</subfield>
    <subfield code="a">Propiedad industrial</subfield>
    <subfield code="z">Argentina</subfield>
  </datafield>
  <datafield tag="942" ind1=" " ind2=" ">
    <subfield code="2">lcc</subfield>
    <subfield code="c">LIB</subfield>
  </datafield>
  <datafield tag="999" ind1=" " ind2=" ">
    <subfield code="c">135758</subfield>
    <subfield code="d">135758</subfield>
  </datafield>
  <datafield tag="952" ind1=" " ind2=" ">
    <subfield code="1">0</subfield>
    <subfield code="2">lcc</subfield>
    <subfield code="4">0</subfield>
    <subfield code="7">0</subfield>
    <subfield code="a">LIC-002</subfield>
    <subfield code="b">LIC-002</subfield>
    <subfield code="c">GENERAL</subfield>
    <subfield code="d">2017-08-01</subfield>
    <subfield code="e">UA</subfield>
    <subfield code="f">1a ed.</subfield>
    <subfield code="h">V:1</subfield>
    <subfield code="k">CSA</subfield>
    <subfield code="o">KHA1570 D47 1986 </subfield>
    <subfield code="p">BFD000009404</subfield>
    <subfield code="r">2017-08-01 00:00:00</subfield>
    <subfield code="t">1</subfield>
    <subfield code="v">1.00</subfield>
    <subfield code="y">LIB</subfield>
  </datafield>
  <datafield tag="952" ind1=" " ind2=" ">
    <subfield code="1">0</subfield>
    <subfield code="2">lcc</subfield>
    <subfield code="4">0</subfield>
    <subfield code="7">0</subfield>
    <subfield code="a">LIC-002</subfield>
    <subfield code="b">LIC-002</subfield>
    <subfield code="c">GENERAL</subfield>
    <subfield code="d">2017-08-01</subfield>
    <subfield code="e">UA</subfield>
    <subfield code="f">1a ed.</subfield>
    <subfield code="h">V:2</subfield>
    <subfield code="k">CSA</subfield>
    <subfield code="o">KHA1570 D47 1987 </subfield>
    <subfield code="p">BFD000009405</subfield>
    <subfield code="r">2017-08-01 00:00:00</subfield>
    <subfield code="t">1</subfield>
    <subfield code="v">1.00</subfield>
    <subfield code="y">LIB</subfield>
  </datafield>
  <datafield tag="952" ind1=" " ind2=" ">
    <subfield code="1">0</subfield>
    <subfield code="2">lcc</subfield>
    <subfield code="4">0</subfield>
    <subfield code="7">0</subfield>
    <subfield code="a">LIC-002</subfield>
    <subfield code="b">LIC-002</subfield>
    <subfield code="c">GENERAL</subfield>
    <subfield code="d">2017-08-01</subfield>
    <subfield code="e">UA</subfield>
    <subfield code="f">1a ed.</subfield>
    <subfield code="h">V:3</subfield>
    <subfield code="k">CSA</subfield>
    <subfield code="o">KHA1570 D47 1988 </subfield>
    <subfield code="p">BFD000009406</subfield>
    <subfield code="r">2017-08-01 00:00:00</subfield>
    <subfield code="t">1</subfield>
    <subfield code="v">1.00</subfield>
    <subfield code="y">LIB</subfield>
  </datafield>
  <datafield tag="952" ind1=" " ind2=" ">
    <subfield code="1">0</subfield>
    <subfield code="2">lcc</subfield>
    <subfield code="4">0</subfield>
    <subfield code="7">0</subfield>
    <subfield code="a">LIC-002</subfield>
    <subfield code="b">LIC-002</subfield>
    <subfield code="c">GENERAL</subfield>
    <subfield code="d">2017-08-01</subfield>
    <subfield code="e">UA</subfield>
    <subfield code="f">1a ed.</subfield>
    <subfield code="h">V:4</subfield>
    <subfield code="k">CSA</subfield>
    <subfield code="o">KHA1570 D47 1989 </subfield>
    <subfield code="p">BFD000009407</subfield>
    <subfield code="r">2017-08-01 00:00:00</subfield>
    <subfield code="t">1</subfield>
    <subfield code="v">1.00</subfield>
    <subfield code="y">LIB</subfield>
  </datafield>
  <datafield tag="952" ind1=" " ind2=" ">
    <subfield code="1">0</subfield>
    <subfield code="2">lcc</subfield>
    <subfield code="4">0</subfield>
    <subfield code="7">0</subfield>
    <subfield code="a">LIC-002</subfield>
    <subfield code="b">LIC-002</subfield>
    <subfield code="c">GENERAL</subfield>
    <subfield code="d">2017-08-01</subfield>
    <subfield code="e">UA</subfield>
    <subfield code="f">1a ed.</subfield>
    <subfield code="h">V:5</subfield>
    <subfield code="k">CSA</subfield>
    <subfield code="o">KHA1570 D47 1991 </subfield>
    <subfield code="p">BFD000009408</subfield>
    <subfield code="r">2017-08-01 00:00:00</subfield>
    <subfield code="t">1</subfield>
    <subfield code="v">1.00</subfield>
    <subfield code="y">LIB</subfield>
  </datafield>
  <datafield tag="952" ind1=" " ind2=" ">
    <subfield code="1">0</subfield>
    <subfield code="2">lcc</subfield>
    <subfield code="4">0</subfield>
    <subfield code="7">0</subfield>
    <subfield code="a">LIC-002</subfield>
    <subfield code="b">LIC-002</subfield>
    <subfield code="c">GENERAL</subfield>
    <subfield code="d">2017-08-01</subfield>
    <subfield code="e">UA</subfield>
    <subfield code="f">1a ed.</subfield>
    <subfield code="h">V:6</subfield>
    <subfield code="k">CSA</subfield>
    <subfield code="o">KHA1570 D47 1994 </subfield>
    <subfield code="p">BFD000009409</subfield>
    <subfield code="r">2017-08-01 00:00:00</subfield>
    <subfield code="t">1</subfield>
    <subfield code="v">1.00</subfield>
    <subfield code="y">LIB</subfield>
  </datafield>
  <datafield tag="952" ind1=" " ind2=" ">
    <subfield code="1">0</subfield>
    <subfield code="2">lcc</subfield>
    <subfield code="4">0</subfield>
    <subfield code="7">0</subfield>
    <subfield code="a">LIC-002</subfield>
    <subfield code="b">LIC-002</subfield>
    <subfield code="c">GENERAL</subfield>
    <subfield code="d">2017-08-01</subfield>
    <subfield code="e">UA</subfield>
    <subfield code="f">1a ed.</subfield>
    <subfield code="h">V:7</subfield>
    <subfield code="k">CSA</subfield>
    <subfield code="o">KHA1570 D47 1996 </subfield>
    <subfield code="p">BFD000009410</subfield>
    <subfield code="r">2017-08-01 00:00:00</subfield>
    <subfield code="t">1</subfield>
    <subfield code="v">1.00</subfield>
    <subfield code="y">LIB</subfield>
  </datafield>
  <datafield tag="952" ind1=" " ind2=" ">
    <subfield code="1">0</subfield>
    <subfield code="2">lcc</subfield>
    <subfield code="4">0</subfield>
    <subfield code="7">0</subfield>
    <subfield code="a">LIC-002</subfield>
    <subfield code="b">LIC-002</subfield>
    <subfield code="c">GENERAL</subfield>
    <subfield code="d">2017-08-01</subfield>
    <subfield code="e">UA</subfield>
    <subfield code="f">1a ed.</subfield>
    <subfield code="h">V:8</subfield>
    <subfield code="k">CSA</subfield>
    <subfield code="o">KHA1570 D47 1999 </subfield>
    <subfield code="p">BFD000009411</subfield>
    <subfield code="r">2017-08-01 00:00:00</subfield>
    <subfield code="t">1</subfield>
    <subfield code="v">1.00</subfield>
    <subfield code="y">LIB</subfield>
  </datafield>
  <datafield tag="952" ind1=" " ind2=" ">
    <subfield code="1">0</subfield>
    <subfield code="2">lcc</subfield>
    <subfield code="4">0</subfield>
    <subfield code="7">0</subfield>
    <subfield code="a">LIC-002</subfield>
    <subfield code="b">LIC-002</subfield>
    <subfield code="c">GENERAL</subfield>
    <subfield code="d">2017-08-02</subfield>
    <subfield code="e">UA</subfield>
    <subfield code="f">1a ed.</subfield>
    <subfield code="h">V:9</subfield>
    <subfield code="k">CSA</subfield>
    <subfield code="o">KHA1570 D47 2001 </subfield>
    <subfield code="p">BFD000009412</subfield>
    <subfield code="r">2017-08-02 00:00:00</subfield>
    <subfield code="t">1</subfield>
    <subfield code="v">1.00</subfield>
    <subfield code="y">LIB</subfield>
  </datafield>
</record>
